| 000 | 00389nam a22001697a 4500 | ||
|---|---|---|---|
| 003 | SGT | ||
| 020 | _a9781498788200 | ||
| 082 |
_a615.51 _bP23H |
||
| 100 | _aHARBORNE, JEFFREY.B,ed. | ||
| 245 | _aPHYTOCHEMICAL DICTIONARY | ||
| 250 | _a2nd | ||
| 260 |
_aNEW YORK _bCRC PRESS _c2023 |
||
| 300 | _a976 | ||
| 650 | _aPHYTOCHEMICAL | ||
| 653 | _aPHYTOCHEMICAL, DICTIONARY | ||
| 942 |
_2ddc _cBK |
||
| 999 |
_c24855 _d24855 |
||